| 000 -LEADER |
| fixed length control field |
00369nam a2200145Ia 4500 |
| 003 - CONTROL NUMBER IDENTIFIER |
| control field |
OSt |
| 005 - DATE AND TIME OF LATEST TRANSACTION |
| control field |
20260326194201.0 |
| 008 - FIXED-LENGTH DATA ELEMENTS--GENERAL INFORMATION |
| fixed length control field |
260210s9999 xx 000 0 und d |
| 020 ## - INTERNATIONAL STANDARD BOOK NUMBER |
| International Standard Book Number |
9789881296740 |
| 082 ## - DEWEY DECIMAL CLASSIFICATION NUMBER |
| Classification number |
720.47 CAL |
| 100 ## - MAIN ENTRY--PERSONAL NAME |
| Personal name |
Vincent Callebaut (Editor) |
| 245 #0 - TITLE STATEMENT |
| Title |
Fertile Cities Vincent Callebaut Architecture,Paris |
| 260 ## - PUBLICATION, DISTRIBUTION, ETC. (IMPRINT) |
| Name of publisher, distributor, etc |
DMPL |
| 942 ## - ADDED ENTRY ELEMENTS (KOHA) |
| Item type |
B.PLAN |
| Source of classification or shelving scheme |
|